| 000 | 01022cam a2200301 i 4500 | ||
|---|---|---|---|
| 001 | 57032 | ||
| 003 | Mx-PuUPA | ||
| 005 | 20220711085126.0 | ||
| 008 | 140415s2010 sp ao fr 000 0 spa d | ||
| 020 | _a9788493779368 | ||
| 040 |
_aMx-PuUPA _bspa _cMx-PuUPA _dMx-PuUPA _erda |
||
| 041 | 0 | _aspa | |
| 245 | 1 | 0 |
_aEstimuloterapia en ortodoncia : _bcontrol etiopatogénico y de la recidiva / _cJosé Durán von Arx [compilador] |
| 250 | _a1a edición | ||
| 264 | 1 |
_aMadrid : _bEditorial Ripano, _c©2010 |
|
| 300 |
_a267 páginas : _bilustraciones, fotografías (a color) ; _c33 cm |
||
| 336 |
_2rdacontent _atexto _btxt |
||
| 337 |
_2rdamedia _asin medio _bn |
||
| 338 |
_2rdacarrier _avolumen _bnc |
||
| 650 | 7 |
_2armarc _aOrtodoncia |
|
| 650 | 7 |
_2armarc _aOrtodoncia preventiva |
|
| 650 | 7 |
_2armarc _aEstomatología |
|
| 650 | 7 |
_2armarc _aBruxismo |
|
| 700 | 1 |
_912918 _aDurán von Arx, José, _d1946- _eautor |
|
| 942 |
_2ddc _cLI _h617.643071 _iE75 |
||
| 999 |
_c57032 _d57032 |
||